Rien qu'un jour (facile) - Le Bossu de Notre-Dame - paroles - Statistiques

Statistiques générales
  • Ce quiz a été pris 25 fois
  • Le résultat moyen est 169 sur 195
Statistiques - réponses
Paroles % Correct
A
100%
à
100%
au
100%
de
100%
des
100%
je
100%
Je
100%
jour
100%
jour,
100%
la
100%
le
100%
leur
100%
leurs
100%
Leurs
100%
ma
100%
mais
100%
ne
100%
pas.
100%
pas
100%
qu'un
100%
Rien
100%
rien
100%
se
100%
seul
100%
tour
100%
tour,
100%
bas.
95%
bas,
95%
ce
95%
ces
95%
d'en
95%
en
95%
En
95%
et
95%
gens
95%
les
95%
me
95%
qui
95%
un
95%
vie,
95%
vois
95%
connais
89%
eux
89%
grand
89%
mon
89%
pied
89%
pour
89%
regarde
89%
sans
89%
Tout
89%
voient
89%
cette
84%
Chaque
84%
ciel
84%
faire
84%
femmes,
84%
regarder
84%
soleil,
84%
sur
84%
tours.
84%
vis
84%
cœur
79%
joie
79%
moi
79%
Moi
79%
personnages !
79%
quand
79%
quittais
79%
serait
79%
Si
79%
si
79%
vivre
79%
âme.
74%
d'être
74%
fenêtres
74%
fois,
74%
heureux.
74%
histoire
74%
merveilleux
74%
Notre-Dame,
74%
promènent,
74%
qu'ils
74%
rencontrer
74%
une
74%
vies,
74%
visages.
74%
voudrais
74%
bords
68%
crois
68%
folie.
68%
goûterais
68%
j'entends
68%
j'envie
68%
jusqu'au
68%
meurt,
68%
n'entendent
68%
pierre,
68%
Seine,
68%
seule
68%
solitaire,
68%
vivrais
68%
chansons,
63%
j'avais
63%
joies.
63%
m'enflamme.
63%
meuniers
63%
partager
63%
résonnent
63%
rires,
63%
voix
63%
alentour
58%
cris
58%
font
53%
parapets
53%
bonheur
47%
brûle
47%
J'apprends
47%
l'abris
47%
larmes
47%
saigner
47%
tisserands,
47%
insouciant
42%
Aucun quiz correspondant
Distribution des résultats
% des personnes avec chaque résultat
Percentile par nombre de réponses
Votre historique - résultats
Vous n’avez pas pris ce quiz